00000000nam##2200000za#4500
0019.632115
003CaOODSP
00520250403105303
007cr |||||||||||
008150407|2005||||xxc|||||o    f|0| 0 fre|d
020 |a0-660-97062-7
040 |aCaOODSP|bfre
043 |an-cn---
0861 |aCS89-503/2005F-PDF
24500|aFemmes au Canada : |h[ressource électronique]|brapport statistique fondé sur le sexe
250 |a5e édition
260 |aOttawa - Ontario : |bStatistique Canada |c2005.
300 |a325p.|bgraphiques, tableaux
5203 |aAnalyse la situation des femmes au Canada. On y présente notamment les caractéristiques démographiques et culturelles, les modalités de vie, le revenu, l'activité, la santé, la criminalité et la victimisation des Canadiennes.
590 |a06-11|b2006-03-17
590 |a06-10-Supp|b2006-12-15
69107|aFemme|2gcpds
69107|aStatistiques|2gcpds
7102 |aStatistique Canada.
77508|tWomen in Canada : |w(CaOODSP)9.687672
7760#|tFemmes au Canada : |w(CaOODSP)9.682953
85640|ahttp://publications.gc.ca|qPDF|s1261 Ko|uhttps://publications.gc.ca/collections/Collection-R/Statcan/89-503-X/0010589-503-XIF.pdf